Property rights and land policies

Bibliographic Details
Corporate Authors: ProQuest (Firm), Lincoln Institute of Land Policy.
Other Authors: Hong, Yu-hung., Ingram, Gregory K.
Format: Electronic eBook
Language:English
Published: Cambridge, MA : Lincoln Institute of Land Policy, c2009.
Subjects:
Online Access:Click to View
LEADER 01424nam a2200397Ia 4500
001 EBC3327977
003 MiAaPQ
005 20200520144314.0
006 m o d |
007 cr cn|||||||||
008 090128s2009 mauab sb 001 0 eng d
010 |z  2009002563 
020 |z 1558441883 
020 |z 9781558441880 
020 |a 9781558442412 (electronic bk.) 
035 |a (MiAaPQ)EBC3327977 
035 |a (Au-PeEL)EBL3327977 
035 |a (CaPaEBR)ebr10606086 
035 |a (OCoLC)929118921 
040 |a MiAaPQ  |c MiAaPQ  |d MiAaPQ 
050 4 |a HD1251  |b .P77 2008 
245 0 0 |a Property rights and land policies  |h [electronic resource] /  |c edited by Gregory K. Ingram and Yu-Hung Hong. 
260 |a Cambridge, MA :  |b Lincoln Institute of Land Policy,  |c c2009. 
300 |a xii, 483 p. :  |b ill., maps. 
504 |a Includes bibliographical references and index. 
533 |a Electronic reproduction. Ann Arbor, MI : ProQuest, 2015. Available via World Wide Web. Access may be limited to ProQuest affiliated libraries. 
650 0 |a Eminent domain. 
650 0 |a Land tenure. 
650 0 |a Land use. 
650 0 |a Real property. 
655 4 |a Electronic books. 
700 1 |a Hong, Yu-hung. 
700 1 |a Ingram, Gregory K. 
710 2 |a ProQuest (Firm) 
710 2 |a Lincoln Institute of Land Policy. 
856 4 0 |u https://ebookcentral.proquest.com/lib/matrademy/detail.action?docID=3327977  |z Click to View